00369nam a2200145Ia 450000500170000000800410001702000230005804000140008104100060009508200120010110000210011324500360013426000290017030000240019920231221093826.0220713s9999 xx 000 0 und d a9780795707490qpbk aRDAc3228 2A aAF TROS aTroskie, Anchien 0aDis ek, Anna: Die volle verhaal aKaapstad :bKwela,c2015 a440 pages :c21 cm.